00743 a2200169 45000010006000000050017000060080041000230030015000640400040000790800128001192450089002472640033003363000019003695050142003880410008005301000035005384165220260407155709.0260407a1976 arg spa dAR-UNSa-BCEJYS aAR-UNSa-BCEJYSbspacAR-UNSa-BCEJYS a347.155xEstado civil, capacidad legal y competencia mental en general. Capacidad de obrar. Responsabilidad en las acciones10aLa capacidad civil del menor que trabajaptrabajador subordinado y menor profesional 1aBuenos Aires :bAstreac1976 a179 p.c18 cm. a1. Principios generales - 2. La capacidad sustancial: la formación del peculio profesional - 3. La capacidad procesal - 4. Conclusiones aspa1 aKemelmajer de Carlucci, Aída